00256nam a2200109Ia 4500008004100000082001500041100001600056245002200072250000800094260003600102300000800138150301s2008 xx 000 0 und d a641.7bMEH aMEHTA, NITA aDISSERTS PUDDINGS a1ST bSNAB. PUBLISHER PVT. LTD.c2008 a135